| Tag |
First Indicator |
Second Indicator |
Subfields |
| LEADER |
00000cam a2200000 4500 |
| 001 |
in00000061521 |
| 005 |
20151007082821.0 |
| 008 |
780519s1958 xx 00000 eng d |
| 010 |
|
|
|a a 59003379
|
| 035 |
|
|
|a (OCoLC)03910892
|
| 035 |
|
|
|9 AAF8449AM
|
| 040 |
|
|
|a APL
|c APL
|d TXA
|d UtOrBLW
|
| 049 |
|
|
|a TXAM
|c [310500]
|
| 050 |
|
0 |
|a DS383.5.I5
|b D3 1958
|
| 092 |
|
|
|a 327.54
|b D229i
|
| 100 |
1 |
|
|a Das Gupta, Jyoti Bhusan.
|
| 245 |
1 |
0 |
|a Indo-Pakistan relations, 1947-1955.
|
| 264 |
|
1 |
|a Amsterdam :
|b Djambatan,
|c [1958]
|
| 264 |
|
4 |
|c [©1958]
|
| 300 |
|
|
|a 254 pages
|
| 336 |
|
|
|a text
|b txt
|2 rdacontent
|
| 337 |
|
|
|a unmediated
|b n
|2 rdamedia
|
| 338 |
|
|
|a volume
|b nc
|2 rdacarrier
|
| 500 |
|
|
|a Issued also as thesis, University of Amsterdam.
|
| 504 |
|
|
|a Bibliography: pages 245-251.
|
| 651 |
|
0 |
|a India
|x Foreign relations
|z Pakistan.
|
| 651 |
|
0 |
|a Pakistan
|x Foreign relations
|z India.
|
| 999 |
|
|
|a MARS
|
| 999 |
f |
f |
|s 0b45329e-5138-31f1-836a-b9107e613a5d
|i a30124ea-cd62-3993-aaf6-93f021c9279b
|t 0
|
| 952 |
f |
f |
|p ric
|a Texas A&M University
|b Rellis Campus
|c Joint Library Facility
|d Remote Storage
|t 0
|e DS383.5.I5 D3 1958
|h Library of Congress classification
|i unmediated -- volume
|m A14800676531
|
| 998 |
f |
f |
|a DS383.5.I5 D3 1958
|t 0
|l Remote Storage
|